Návrh motivačného systému zamestnancov v podniku Continental Matador, s.r.o. = Proposal of motivating system in Continental Matador Rubber, s.r.o. : Diplomová práca

Saved in:
Bibliographic Details
Main Author: Dobrodenková, Adriana (Author)
Other Authors: Černá, Ľubica, 1967- (xxx)
Format: Manuscript Book
Language:Slovak
Published: Trnava : STU v Bratislave MTF UPMK, 2009
Subjects:
Tags: Add Tag
No Tags, Be the first to tag this record!

MARC

LEADER 00000ntm a22000003a 4500
001 stu180502
005 20160719154442.5
008 090224s2009----xo------------------slo-d
040 |a STU  |b slo 
041 0 |a slo 
044 |a xo 
100 1 |a Dobrodenková, Adriana  |4 aut 
245 1 |a Návrh motivačného systému zamestnancov v podniku Continental Matador, s.r.o. = Proposal of motivating system in Continental Matador Rubber, s.r.o. :  |b Diplomová práca 
260 |a Trnava :  |b STU v Bratislave MTF UPMK,  |c 2009 
300 |a 80 s  |c príl (1 CD-ROM) 
500 |a Študijný odbor: 5.2.52 priemyselné inžinierstvo 
500 |a Študijný program: priemyselné manažérstvo 
650 7 |a motivácia zamestnancov  |2 stusub 
650 7 |a pracovná motivácia  |2 stusub 
700 1 |a Černá, Ľubica,  |d 1967-  |4 xxx  |u M4000  |U MTF Materiálovotechnologická fakulta  |T MTF Ústav priemyselného inžinierstva a manažmentu  |X 2813  |U M4000  |Y 84  |7 A000002813 
996 |b 284M069760  |c M*DP-7581  |l MMSKP  |s P  |a 0  |w stu180502_0001